00532nam a2200157Ia 4500020001800000082001800018100001800036245012000054260004000174300001400214504005000228650001600278650002300294650002500317650003200342 a0-7546-4389-1 a340.115 YIL-M aYilmaz, Ihsan 0aMuslim laws, politics and society in modern nation states: dynamic legal pluralisms in England, Turkey and Pakistan aAldershotbAshgate Publishingc2005 axxii, 248 aincludes bibliographical references and index aIslamic law aIslam and politics aSocial jurisprudence aCustomary law (Islamic law)